Toutes les Anciennes Sous-Préfectures françaises - Statistiques

Statistiques générales
  • Ce quiz a été pris 29 fois
  • Le résultat moyen est 25 sur 110
Statistiques - réponses
Département Nom de l'arrondissement chef lieu dans l'arrondissement de % Correct
AVEYRON Saint-Affrique Millau
69%
BAS-RHIN Wissembourg Haguenau-Wissembourg
63%
BAS-RHIN Erstein Sélestat-Erstein
56%
MOSELLE Forbach Forbach-Boulay-Moselle
56%
HAUT-RHIN Colmar Colmar-Ribeauvillé
50%
LOZÈRE Marvejols Mende
50%
HAUT-RHIN Ribeauvillé Colmar-Ribeauvillé
50%
MOSELLE Sarrebourg Sarrebourg-Château-Salins
50%
BAS-RHIN Sélestat Sélestat-Erstein
50%
DEUX-SÈVRES Thouars Bressuire
50%
ILLE-ET-VILAINE Vitré Fougères-Vitré
50%
LOIRE-ATLANTIQUE Ancenis Châteaubriant-Ancenis
44%
MOSELLE Boulay-Moselle Forbach-Boulay-Moselle
44%
AUDE Castelnaudary Carcassonne
44%
MOSELLE Château-Salins Sarrebourg-Château-Salins
44%
HAUT-RHIN Guebwiller Thann-Guebwiller
44%
GIRONDE La Réole Langon
44%
FINISTÈRE Quimperlé Quimper
44%
ALPES-DE-HAUTE-PROVENCE Sisteron Forcalquier
44%
HAUT-RHIN Thann Thann-Guebwiller
44%
VAUCLUSE Cavaillon Apt
38%
CÔTE-D'OR Châtillon-sur-Seine Montbard
38%
HAUTES-ALPES Embrun Gap
38%
AVEYRON Espalion Rodez
38%
TARN Gaillac Albi
38%
HAUTE-SAÔNE Gray Vesoul
38%
BAS-RHIN Haguenau Haguenau-Wissembourg
38%
YONNE Joigny Sens
38%
CÔTES-D'ARMOR Loudéac Saint-Brieuc
38%
PYRÉNÉES-ATLANTIQUES Orthez Pau
38%
GARD Uzès Nîmes
38%
AUBE Bar-sur-Seine Troyes
31%
LOIRE-ATLANTIQUE Châteaubriant Châteaubriant-Ancenis
31%
VOSGES Remiremont Épinal
31%
MARNE Sainte-Menehould Châlons-en-Champagne
31%
HÉRAULT Saint-Pons Béziers
31%
SEINE-MARITIME Yvetot Rouen
31%
HAUT-RHIN Colmar-Campagne Colmar-Ribeauvillé
25%
HAUT-RHIN Colmar-Ville Colmar-Ribeauvillé
25%
LOIRET Gien Montargis
25%
NORD Hazebrouck Dunkerque
25%
GERS Lectoure Condom
25%
CHARENTE-MARITIME Marennes Rochefort
25%
DEUX-SÈVRES Melle Niort
25%
TARN-ET-GARONNE Moissac Castelsarrasin
25%
DRÔME Montélimar Nyons
25%
CHARENTE Ruffec Confolens
25%
CHER Sancerre Bourges
25%
MANCHE Valognes Cherbourg
25%
MAINE-ET-LOIRE Baugé Saumur
19%
DOUBS Baume Besançon
19%
NORD Bergues Dunkerque
19%
CALVADOS Falaise Caen
19%
ALLIER Gannat Vichy
19%
TARN Lavaur Castres
19%
VIENNE Loudun Châtellerault
19%
EURE Louviers Les Andelys
19%
VENDÉE Montaigu La Roche-sur-Yon
19%
CANTAL Murat Saint-Flour
19%
VAUCLUSE Orange Carpentras
19%
MORBIHAN Ploërmel Pontivy
19%
CALVADOS Pont-l'Évêque Lisieux
19%
DORDOGNE Ribérac Périgueux
19%
SARTHE Saint-Calais Mamers
19%
LOIRE-ATLANTIQUE Savenay Saint-Nazaire
19%
YONNE Tonnerre Avallon
19%
HAUTE-GARONNE Villefranche Toulouse
19%
CHARENTE Barbezieux Cognac
13%
GIRONDE Bazas Langon
13%
CREUSE Bourganeuf Guéret
13%
NORD Cassel Dunkerque
13%
VIENNE Civray Montmorillon
13%
SEINE-ET-MARNE Coulommiers Meaux
13%
ALLIER Lapalisse Vichy
13%
GERS Lombez Auch
13%
VOSGES Mirecourt Neufchâteau
13%
SEINE-MARITIME Neufchâtel Dieppe
13%
LOIRE-ATLANTIQUE Paimbœuf Saint-Nazaire
13%
EURE Pont-Audemer Bernay
13%
ARDENNES Rocroi Charleville-Mézières
13%
ISÈRE Saint-Marcellin Grenoble
13%
PAS-DE-CALAIS Saint-Pol-sur-Ternoise Arras
13%
BAS-RHIN Strasbourg-Campagne Strasbourg
13%
BAS-RHIN Strasbourg-Ville Strasbourg
13%
AIN Trévoux Bourg-en-Bresse
13%
AUBE Arcis-sur-Aube Troyes
6%
GUYANE Arrondissement de l'Inini dissout
6%
MAINE-ET-LOIRE Beaupréau Cholet
6%
CREUSE Boussac Aubusson
6%
ORNE Domfront Argentan
6%
SOMME Doullens Amiens
6%
MOSELLE Metz-Campagne Metz
6%
MOSELLE Metz-Ville Metz
6%
SAVOIE Moûtiers Albertville
6%
JURA Poligny Dole
6%
ALPES-MARITIMES Puget-Théniers Nice
6%
DOUBS Saint-Hippolyte Montbéliard
6%
CÔTE-D'OR Semur Montbard
6%
CORSE-DU-SUD Vico Ajaccio
6%
HAUTE-MARNE Wassy Saint-Dizier
6%
BAS-RHIN Barr Sélestat-Erstein
0%
PYRÉNÉES-ATLANTIQUES Mauléon Oloron-Sainte-Marie
0%
ILLE-ET-VILAINE Montfort-sur-Meu Rennes
0%
MEUSE Montmédy Verdun
0%
MANCHE Mortain Avranches
0%
SEINE-ET-MARNE Noisiel Torcy
0%
GUADELOUPE Saint-Martin-Saint-Barthélemy dissout
0%
LANDES Saint-Sever Mont-de-Marsan
0%
MOSELLE Thionville-Est Thionville
0%
MOSELLE Thionville-Ouest Thionville
0%
Aucun quiz correspondant
Distribution des résultats
% des personnes avec chaque résultat
Percentile par nombre de réponses
Votre historique - résultats
Vous n’avez pas pris ce quiz